00857nam a22002417a 450000500170000001000130001702000220003003500130005203700160006504000120008108200150009310000230010824500740013126000480020527000510025330000200030450000500032465000260037465000280040094200240042899900190045295201440047120170124105928.0 aA-791590 c00.00a8170247551 aA-791590 bCen Lib/Ret aDPLbEN a305.6bMAT aMatin, Abdul97556 aMuslims in India and abroad :c by Abdul MatinbCaste and ethnicity / aNew DelhibAPH Publishing Corporationc1996 a5, Ansari Road, Darya Ganj bNew Delhie110002 a169p.c20cm(Hb) aIncludes bibliographical references and index aMuslims - India97069 aIslamic sociology97557 2ddccENh305.6mMAT c123655d123655 04104070aLbLd2015-06-11eCen Lib/Retg0.00l0o305.6 MATpA-791590r2015-06-11 00:00:00t1v0.00w2015-06-11yENzW/d list no. 6834/20